00358nam a22000977a 4500082001200000100005900012245005500071260004200126650002300168700006900191 a220 PRO aSuleman Tahir Hamza Azam Raja Muazzam Ali Umair Nadeem aPR-SOF-1783-SMARTPHONE BASED ECG MONITORING SYSTEM aISLAMABAD bNUST COLLEGE OF EMEc2019 a DE-MTS-37 DECLASS aSupervisors Dr. Nauman Razzaq Lec. Ayesha Zeb Lec. Muneeb Masood